000 02132nam a2200397Ia 4500
001 dia_4973
003 CHAP
005 20240408105635.0
007 ta
008 220117s2011 mx abdof 001 0 spa d
040 _amxchpua
_cCHAP
090 _aT.C.558
_bS99 SAI
_c2011
245 1 0 _aReporte de la fase de campo del Sistema Agroindustrial forestal no maderable /
_ccoordinadores Rosa Guadalupe Szymanski Duque y Guillermo Carrillo Espinosa ; colaboradores Hugo Fernando Amaro Vidal...[et al.]
260 _aMéxico :
_bEl autor,
_c2011
300 _a191 hojas :
_bilustraciones, tablas, gráficas, mapas, fotos
336 _2rdacontent
_atexto
_btxt
337 _2rdamedia
_ano mediado
_bn
338 _2rdacarrier
_avolumen
_bnc
500 _aGrado: 6° año Grupo: 02
502 _aViaje de estudios
_b(SAI) --
_cUACh. Departamento de Ingeniería Agroindustrial,
_d2011
504 _aBibliografía: hojas 170-171
505 0 0 _tEmpresas visitadas: -- 1.Ecoturismo -- 2. Piedra canteada -- 3. Balneario Erendida -- 4. Reserva de la biosfera mariposa monarca -- 5. Granja de trucha La Presa -- 6. Truchera la Preciosita, Tlahuapán, Puebla -- 7. Protectora de bosques del estado de México (PROBOSQUES) -- 8. Proyectos Geotermoeléctricos, Comisión Federal de Electricidad, C. F. E., los Azufres, Michoacán -- 9. Resinera Lázaro Cardenas, A. R. de I. C. -- 10. Grupo papelero Scribe, S. A. de C. V. -- 11. Predio el Innominado -- 12.Departamento de agua potable,alcantarillado y saneamiento ayuntamiento de Valle del estado de Bravo -- 13. Comisión Nacional de agua del estado de Michoacán
650 1 3 _aBosques
_914002
650 1 3 _aMadera
_969594
650 1 3 _aForests
_9157205
650 1 3 _aWood
_9157206
700 1 _aCarrillo Espinosa, Guillermo
_919474
_ecoordinador
700 1 _aSzymanski Duque, Rosa Guadalupe
_9151434
_ecoordinadora
700 1 _aAmaro Vidal, Hugo Fernando
_9151428
_ecolaborador
901 _aT.C.558 S99 SAI 2011
902 _aM
905 _a5232272011 mx amb 8223223322spa16
942 _2local
942 _cVE
999 _c175785
_d175785